000 00765nai a2200193Ia 4500
003 IN-BaIIA
008 211028c9999 xx s 000 0 eng d
022 _a0099-4553 (Print)
040 _cIIA Library
245 0 _aIEEE Transactions on Industrial Electronics [May 1963]
_h[eJournal]
260 _aNew York, USA
_bThe Institute of Electrical and Electronics Engineers, Inc. (IEEE)
310 _aAnnually
362 _aIE-10(1); 1963 - IE-10(1); 1963
521 _bSubscribed through National Knowledge Resource Consortium (NKRC)
650 _a Components, Circuits, Devices and Systems
650 _aPower, Energy and Industry Applications
856 _uhttps://ieeexplore.ieee.org/servlet/opac?punumber=5412874
_yClick Here to Access eJournal
942 _cEJ
999 _c34682
_d34682